1075 1280 1708 1743 1627 1708 1299 1900 1106 1900 1586 1542 1932 1417 1922 1339 1859 1343 1839 1944 1435 1999 1920 1422 1506 1036 1888 1857 1284 1598 1357 1203 1556 1782 1632 1861 1377 1802 1757 1323 1545 1354 1938 1252 1485 1429 1788 1058 1179 1739 1566 1879 1458 1240 1903 1477 1924 1882 1042 1083 1984 1370 1145 1114 1268 1136 1452 1777 1694 1125 1581 1045 1434 1365 1060 1004 1962 1815 1803 1431 1782 1905 1582 1143 1698 1874 1871 1783 1846 1782 1598 1950 1161 1667 1694 1034 1665 1709 1620 BCNSPRNW ULIB Ver.6.0+V

เปลี่ยนเป็นภาษาไทย

Change to English
 แสดงรายละเอียดบรรณานุกรม
  กลับหน้าหลัก

Brief Record : Get Marc (ISO 2709) : E-mail record : QR code < ปิดหน้าต่าง
LEADER : 00000nam 2200000uu 4500
001    13399115259
003     ULIB
008    120809s2554||||th 000 0 tha d
020    ^a9786167375656
060  4 ^aWF225^bว473C
100 0  ^aวิวัฒนา ถนอมเกียรติ
245 10 ^aChest X-ray : กรณีศึกษา clinicopathological correlation และความคิดเชิงพิจารณ์ Diffuse lung disease เล่ม 1 /^cวิวัฒนา ถนอมเกียรติ
250    ^aพิมพ์ครั้งที่ 1
260    ^aสงขลา :^bชานเมืองการพิมพ์;^c2554
300    ^a96 หน้า:^bภาพประกอบ;^c26ซม.
650  7 ^aDiagnostic Imaging
650  7 ^aRadiography
650  7 ^aทรวงอก^xการบันทึกภาพด้วยรังสี
650  7 ^aทรวงอก^xการถ่ายเอ็กซเรย์ก้อนในทรวงอก
945    ^p220^l0^i19174
995    ^a ทศพร
999 ^a ใช้งานได้ทุกระบบ
รายการนี้ยังไม่มีแท็ก
คุณยังไม่ได้ล็อกอิน คุณสามารถมีกิจกรรมร่วมกับเว็บไซต์ได้ แต่ต้องล็อกอินก่อน ::
  ล็อกอิน

รายการสื่อสารสนเทศ

ลำดับที่ ประเภท เลขเรียก/บาร์โค้ด สถานที่ สถานะ
1. วิทยาศาสตร์การแพทย์ และสุขภาพ
วิทยาศาสตร์การแพทย์ และสุขภาพ
สถานะ=หนังสือเก่า
WF225 ว473C ฉ.1 
  Barcode: 19174
ห้องสมุดวิทยาเขตนครสวรรค์
►ส่วนจัดเก็บหนังสือเก่า นว.
บนชั้น
  ขอยืม

รายการใกล้เคียง
    ผู้แต่ง [วิวัฒนา ถนอมเกียรติ]

    หัวเรื่อง [Diagnostic Imaging]
    หัวเรื่อง [Radiography]

BibComment


ยังไม่เคยถูกคอมเมนท์

คอมเมนท์ทรัพยากรรายการนี้
  คอมเมนท์: Chest Xray กรณี..


 Copyright 2026. Bcnsprnw @Library